Połączone państwa na mapie świata #3 - Statystyki

Ogólne statystyki
  • Ten quiz został rozwiązany 18 505 razy
  • Średni wynik to 12 z 20
Odpowiedzi na mapie
Odpowiedzi zakodowano w zielono-czerwonej skali na mapie do tego quizu, zgodnie z poniższymi procentami.
 
Statystyki odpowiedzi
Państwo % Poprawnych
Szwecja
82%
Norwegia
81%
Brazylia
75%
Indie
71%
Sudan
71%
Urugwaj
70%
Pakistan
63%
Sudan Południowy
63%
Serbia
62%
Irak
58%
Czarnogóra
57%
Syria
56%
Peru
51%
Ekwador
48%
Francja
47%
Surinam
47%
Mozambik
43%
Zimbabwe
40%
Algieria
37%
Tunezja
36%
Nie znaleziono quizów pasujących do podanych kryteriów
Rozkład punktacji
Procent ludzi z każdym wynikiem
Percentyl według liczby udzielonych odpowiedzi
Twoja historia wyników
Nie rozwiązałeś tego quizu